[Event "Oberliga Nord O 2223"]
[Site "Germany"]
[Date "2022.10.23"]
[Round "1.2"]
[White "Lippert, Daniel"]
[Black "Sulayev, Daniel"]
[Result "1/2-1/2"]
[WhiteElo "2049"]
[BlackElo "2252"]
[PlyCount "138"]
[EventDate "2022.10.23"]
[EventType "team-tourn"]
[EventRounds "9"]
[EventCountry "GER"]
[SourceTitle "EXT 2025"]
[Source "ChessBase"]
[SourceDate "2024.10.14"]
[SourceVersion "1"]
[SourceVersionDate "2024.10.14"]
[SourceQuality "1"]
[WhiteTeam "Frankfurt/O"]
[BlackTeam "Berlin Empor"]
[WhiteTeamCountry "GER"]
[BlackTeamCountry "GER"]

1. e4 c5 2. Nf3 d6 3. Bb5+ Nd7 4. c3 Ngf6 5. Qe2 a6 6. Ba4 e6 7. 0-0 b5 8. Bc2 Bb7 9. d4 Be7 10. a4 0-0 11. e5 Bxf3 12. gxf3 dxe5 13. dxe5 Nd5 14. Qe4 g6 15. Bh6 Re8 16. f4 c4 17. Nd2 Nc5 18. Qf3 Qc7 19. Ne4 b4 20. cxb4 Nxb4 21. Rac1 Rab8 22. Nf6+ Bxf6 23. exf6 Red8 24. f5 Ncd3 25. fxg6 fxg6 26. Bxd3 Rxd3 27. Rxc4 Rxf3 28. Rxc7 Rxf6 29. Rfc1 g5 30. Rg7+ Kh8 31. Rb7 Rg8 32. Rxb4 Rxh6 33. Rb6 Rh4 34. Rxa6 Rb8 35. Ra7 Rg4+ 36. Kf1 Rh4 37. Kg2 Rg4+ 38. Kh1 Rgb4 39. Rcc7 Rxb2 40. Rxh7+ Kg8 41. Rag7+ Kf8 42. Rxg5 R8b4 43. Rc5 Kg8 44. Ra7 Rxf2 45. Rc8+ Rf8 46. Rxf8+ Kxf8 47. Kg2 Rb3 48. h4 Ra3 49. h5 Kg8 50. h6 Kh8 51. Kf2 Rh3 52. h7 Ra3 53. Ke2 e5 54. Kd2 e4 55. Kc2 Re3 56. Kd2 Ra3 57. a5 e3+ 58. Ke2 Ra2+ 59. Kxe3 Re2+ 60. Kd4 Re4+ 61. Kd5 Re5+ 62. Kd6 Rd5+ 63. Kc7 Rc5+ 64. Kb8 Rb5+ 65. Kc8 Rc5+ 66. Kd8 Rd5+ 67. Ke8 Re5+ 68. Re7 Rxa5 69. Kf7 Kxh7 1/2-1/2

[Event "Bruges op-A"]
[Site "Bruges"]
[Date "2022.08.16"]
[Round "5"]
[White "Sulayev, Daniel"]
[Black "Vandendriessche, Jan"]
[Result "1-0"]
[WhiteElo "2286"]
[BlackElo "2098"]
[PlyCount "77"]
[EventDate "2022.08.13"]
[EventType "swiss"]
[EventRounds "9"]
[EventCountry "BEL"]
[SourceTitle "CBM 209 Extra"]
[Source "ChessBase"]
[SourceDate "2022.09.30"]
[SourceVersion "1"]
[SourceVersionDate "2022.09.30"]
[SourceQuality "1"]

1. c4 g6 2. Nc3 Bg7 3. Nf3 d6 4. g3 Nf6 5. d4 0-0 6. Bg2 Nbd7 7. 0-0 e5 8. e4 Re8 9. h3 exd4 10. Nxd4 Nc5 11. Re1 Bd7 12. Bf4 a5 13. Qd2 a4 14. Rad1 Qc8 15. Kh2 Ne6 16. Be3 Nc5 17. Qc2 Ra5 18. f4 c6 19. Bf2 Ne6 20. Nxa4 Nxd4 21. Bxd4 Ng4+ 22. hxg4 Bxd4 23. Rxd4 Rxa4 24. Qxa4 c5 25. Qa7 cxd4 26. Qxd4 Bxg4 27. Re3 Qa8 28. Ra3 Qc8 29. Rc3 Qa8 30. Ra3 Qc8 31. b3 Qc5 32. Qxc5 dxc5 33. e5 f6 34. Bxb7 fxe5 35. Ra8 Rxa8 36. Bxa8 exf4 37. gxf4 Bd1 38. a4 Bxb3 39. Bd5+ 1-0

[Event "Oberliga Nord O 2122"]
[Site "Germany"]
[Date "2021.12.12"]
[Round "3.4"]
[White "Sulayev, Daniel"]
[Black "Preuss, Heiko"]
[Result "1-0"]
[WhiteElo "2242"]
[BlackElo "2227"]
[PlyCount "95"]
[EventDate "2021.10.31"]
[EventType "team-tourn"]
[EventRounds "9"]
[EventCountry "GER"]
[SourceTitle "EXT 2023"]
[Source "ChessBase"]
[SourceDate "2022.10.05"]
[SourceVersion "1"]
[SourceVersionDate "2022.10.05"]
[SourceQuality "1"]
[WhiteTeam "Berlin Empor"]
[BlackTeam "Forster"]
[WhiteTeamCountry "GER"]
[BlackTeamCountry "GER"]

1. c4 e5 2. Nc3 c5 3. e3 d6 4. Nge2 Nc6 5. d4 f5 6. dxc5 dxc5 7. Qxd8+ Nxd8 8. Nd5 Ne6 9. b3 Bd6 10. Bb2 Bd7 11. 0-0-0 Bc6 12. Nb4 0-0-0 13. Nxc6 bxc6 14. g3 Ne7 15. Bh3 Rhf8 16. f4 exf4 17. Nxf4 Bxf4 18. exf4 Rxd1+ 19. Rxd1 Rd8 20. Re1 Kd7 21. Re5 g6 22. Bg2 Kd6 23. Re2 Nd4 24. Bxd4 cxd4 25. c5+ Kd7 26. Kd2 Rb8 27. Kd3 a5 28. Kxd4 a4 29. Re3 Ng8 30. Kc4 axb3 31. Rxb3 Rxb3 32. axb3 Nf6 33. Bf3 Kc7 34. b4 Nd7 35. b5 cxb5+ 36. Kxb5 Nf6 37. Kc4 h6 38. Kd4 g5 39. Ke5 Nd7+ 40. Kd5 gxf4 41. gxf4 Nf6+ 42. Ke6 Ne4 43. c6 Nd2 44. Bd5 Nf1 45. Kxf5 Nxh2 46. Kg6 Ng4 47. Bf3 h5 48. Kxh5 1-0

[Event "Oberliga Nord O 2122"]
[Site "Germany"]
[Date "2021.11.21"]
[Round "2.4"]
[White "Dimitrijeski, Kristian"]
[Black "Sulayev, Daniel"]
[Result "1/2-1/2"]
[WhiteElo "2133"]
[BlackElo "2242"]
[PlyCount "94"]
[EventDate "2021.10.31"]
[EventType "team-tourn"]
[EventRounds "9"]
[EventCountry "GER"]
[SourceTitle "EXT 2023"]
[Source "ChessBase"]
[SourceDate "2022.10.05"]
[SourceVersion "1"]
[SourceVersionDate "2022.10.05"]
[SourceQuality "1"]
[WhiteTeam "Koenig Tegel II"]
[BlackTeam "Berlin Empor"]
[WhiteTeamCountry "GER"]
[BlackTeamCountry "GER"]

1. Nf3 Nf6 2. c4 g6 3. Nc3 Bg7 4. d4 0-0 5. e4 d6 6. Be2 c5 7. 0-0 cxd4 8. Nxd4 Nc6 9. Be3 Bd7 10. f3 Nxd4 11. Bxd4 a5 12. Nd5 Nxd5 13. exd5 Qc7 14. Bxg7 Kxg7 15. Qd4+ Kg8 16. b3 b6 17. Bd3 Qc5 18. Qxc5 bxc5 19. Rfe1 Rfe8 20. a4 Rab8 21. Bc2 Kg7 22. Kf2 Kf6 23. Re3 Rb7 24. Rae1 h5 25. R1e2 Bc8 26. Re1 Bf5 27. Bxf5 Kxf5 28. Rd3 Kf6 29. Ree3 Rd7 30. f4 Red8 31. Kf3 Rg8 32. g3 g5 33. fxg5+ Rxg5 34. Re4 Rf5+ 35. Rf4 Rd8 36. Ke4 Rxf4+ 37. Kxf4 Rg8 38. h3 Rg5 39. g4 hxg4 40. hxg4 Re5 41. Rh3 Kg7 42. g5 Re1 43. Kf5 Rf1+ 44. Kg4 f5+ 45. gxf6+ Kxf6 46. Re3 e5 47. dxe6 Ke7 1/2-1/2

[Event "GER-ch U16"]
[Site "Willingen"]
[Date "2020.10.23"]
[Round "5"]
[White "Sulayev, Daniel"]
[Black "Hinrichs, Paul"]
[Result "1/2-1/2"]
[WhiteElo "2193"]
[BlackElo "2168"]
[PlyCount "61"]
[EventDate "2020.10.19"]
[EventType "swiss"]
[EventRounds "7"]
[EventCountry "GER"]
[SourceTitle "EXT 2022"]
[Source "ChessBase"]
[SourceDate "2021.10.06"]
[SourceVersion "1"]
[SourceVersionDate "2021.10.06"]
[SourceQuality "1"]

1. c4 c6 2. Nf3 d5 3. e3 Nf6 4. Nc3 g6 5. Be2 Bg7 6. 0-0 0-0 7. d4 b6 8. b3 c5 9. Bb2 cxd4 10. Nxd4 Bb7 11. cxd5 Nxd5 12. Rc1 Nxc3 13. Bxc3 e5 14. Nb5 Qg5 15. Bf3 e4 16. Be2 Rd8 17. Qc2 Nc6 18. Bxg7 Kxg7 19. Rfd1 Qe5 20. Qc3 Qxc3 21. Nxc3 Ne5 22. Rxd8 Rxd8 23. Rc2 Nd3 24. a3 Rc8 25. Bd1 Nb2 26. Rxb2 Rxc3 27. Kf1 Kf6 28. Ke1 Ke5 29. Kd2 Rd3+ 30. Kc1 h5 31. Rd2 1/2-1/2

[Event "GER-ch U16"]
[Site "Willingen"]
[Date "2020.10.22"]
[Round "4"]
[White "Fromm, Marius"]
[Black "Sulayev, Daniel"]
[Result "1-0"]
[WhiteElo "2190"]
[BlackElo "2193"]
[PlyCount "57"]
[EventDate "2020.10.19"]
[EventType "swiss"]
[EventRounds "7"]
[EventCountry "GER"]
[SourceTitle "EXT 2022"]
[Source "ChessBase"]
[SourceDate "2021.10.06"]
[SourceVersion "1"]
[SourceVersionDate "2021.10.06"]
[SourceQuality "1"]

1. e4 c5 2. Nf3 Nc6 3. Bb5 e6 4. Bxc6 bxc6 5. d3 Ne7 6. h4 h5 7. e5 Ng6 8. Nbd2 Qc7 9. Qe2 f6 10. Nc4 Be7 11. b3 0-0 12. Bb2 fxe5 13. g3 d6 14. Ng5 Bxg5 15. hxg5 h4 16. 0-0-0 Ba6 17. Qh5 Kf7 18. f4 Rh8 19. Qg4 Bxc4 20. dxc4 hxg3 21. f5 Nf4 22. g6+ Ke7 23. Qg5+ Kd7 24. Rxh8 Rxh8 25. Bxe5 Ne2+ 26. Kb2 Kc8 27. Rxd6 Re8 28. fxe6 Nd4 29. Rxd4 1-0

[Event "GER-chT Lands U20"]
[Site "Wuerzburg"]
[Date "2019.10.05"]
[Round "6.1"]
[White "Sulayev, Daniel"]
[Black "Kololli, Martin"]
[Result "1/2-1/2"]
[WhiteElo "2149"]
[BlackElo "2310"]
[PlyCount "61"]
[EventDate "2019.10.01"]
[EventType "team-swiss"]
[EventRounds "7"]
[EventCountry "GER"]
[SourceTitle "EXT 2020"]
[Source "ChessBase"]
[SourceDate "2019.10.17"]
[SourceVersion "1"]
[SourceVersionDate "2019.10.17"]
[SourceQuality "1"]
[WhiteTeam "Berlin"]
[BlackTeam "Schleswig Holstein"]
[WhiteTeamCountry "GER"]
[BlackTeamCountry "GER"]

1. e4 e5 2. Nf3 Nc6 3. Bb5 a6 4. Ba4 Nf6 5. 0-0 Be7 6. Qe2 b5 7. Bb3 d6 8. c3 0-0 9. d4 Bd7 10. Rd1 Qc8 11. Bg5 Re8 12. Nbd2 exd4 13. cxd4 Bg4 14. Qd3 Nb4 15. Qc3 c5 16. Re1 Nd7 17. Bxe7 Rxe7 18. Rac1 Qe8 19. e5 dxe5 20. dxc5 Nc6 21. Bd5 Rc8 22. b4 Bxf3 23. Nxf3 Ndb8 24. Rcd1 Rd8 25. Bb3 Nd4 26. Nxd4 exd4 27. Rxe7 Qxe7 28. Qf3 Qd7 29. a3 d3 30. Rd2 Nc6 31. Bxf7+ 1/2-1/2

[Event "GER-chT Lands U20"]
[Site "Wuerzburg"]
[Date "2019.10.04"]
[Round "5.2"]
[White "Gallasch, Jonas"]
[Black "Sulayev, Daniel"]
[Result "1/2-1/2"]
[WhiteElo "2124"]
[BlackElo "2149"]
[PlyCount "44"]
[EventDate "2019.10.01"]
[EventType "team-swiss"]
[EventRounds "7"]
[EventCountry "GER"]
[SourceTitle "EXT 2020"]
[Source "ChessBase"]
[SourceDate "2019.10.17"]
[SourceVersion "1"]
[SourceVersionDate "2019.10.17"]
[SourceQuality "1"]
[WhiteTeam "Nordrhein Westfalen"]
[BlackTeam "Berlin"]
[WhiteTeamCountry "GER"]
[BlackTeamCountry "GER"]

1. Nf3 c5 2. c4 g6 3. g3 Bg7 4. Bg2 Nc6 5. Nc3 e5 6. 0-0 Nge7 7. Ne1 0-0 8. Nc2 d6 9. Ne3 Be6 10. d3 Qd7 11. Ned5 Bh3 12. Bg5 Bxg2 13. Kxg2 Nxd5 14. Nxd5 f5 15. Bd2 Rae8 16. Rb1 Ne7 17. e4 Nxd5 18. cxd5 b5 19. f3 a5 20. a3 b4 21. axb4 axb4 22. Ra1 Ra8 1/2-1/2

[Event "Pardubice Czech op-A 30th"]
[Site "Pardubice"]
[Date "2019.07.20"]
[Round "2"]
[White "Sulayev, Daniel"]
[Black "Bagi, Mate"]
[Result "0-1"]
[WhiteElo "2214"]
[BlackElo "2459"]
[PlyCount "70"]
[EventDate "2019.07.19"]
[EventType "swiss"]
[EventRounds "9"]
[EventCountry "CZE"]
[SourceTitle "CBM 191"]
[Source "ChessBase"]
[SourceDate "2019.08.31"]
[SourceVersion "1"]
[SourceVersionDate "2019.08.31"]
[SourceQuality "1"]

1. c4 Nf6 2. g3 c5 3. Bg2 d5 4. cxd5 Nxd5 5. Nc3 Nc7 6. Nf3 Nc6 7. d3 e5 8. 0-0 Be7 9. Nd2 Bd7 10. Nc4 f6 11. a4 0-0 12. Be3 Ne6 13. a5 Rb8 14. Nd5 Ned4 15. Bxd4 Nxd4 16. e3 Nc6 17. Qf3 Rf7 18. Rfc1 Bf8 19. Qd1 Be6 20. e4 Nd4 21. Nce3 g6 22. Rc3 Rc8 23. h4 f5 24. Bh3 Qd7 25. Kg2 f4 26. Bxe6 Qxe6 27. Nc2 f3+ 28. Kh2 g5 29. hxg5 Qg4 30. Qf1 Qxg5 31. Nxd4 exd4 32. Rcc1 Rc6 33. Nf4 Rxf4 34. gxf4 Rh6+ 35. Qh3 Qg2# 0-1

[Event "Berlin-ch MT"]
[Site "Berlin"]
[Date "2019.04.20"]
[Round "1"]
[White "Sitte, Adrian"]
[Black "Sulayev, Daniel"]
[Result "0-1"]
[WhiteElo "1967"]
[BlackElo "2152"]
[PlyCount "38"]
[EventDate "2019.04.20"]
[EventType "swiss"]
[EventRounds "9"]
[EventCountry "GER"]
[SourceTitle "EXT 2020"]
[Source "ChessBase"]
[SourceDate "2019.10.17"]
[SourceVersion "1"]
[SourceVersionDate "2019.10.17"]
[SourceQuality "1"]

1. e4 g6 2. d4 Bg7 3. Nc3 d6 4. Be3 a6 5. Qd2 b5 6. 0-0-0 Bb7 7. f3 Nd7 8. h4 h5 9. Nh3 Rc8 10. Ng5 c5 11. dxc5 Nxc5 12. Bd4 Nf6 13. Nd5 Bxd5 14. exd5 Qc7 15. g3 Qb7 16. Bh3 Rc7 17. Bf2 Na4 18. Kb1 Nxb2 19. Kxb2 Ne4+ 0-1

[Event "JBLN Ost 1819"]
[Site "Germany"]
[Date "2019.03.02"]
[Round "8.1"]
[White "Gericke, Nicholas"]
[Black "Sulayev, Daniel"]
[Result "0-1"]
[WhiteElo "1799"]
[BlackElo "2134"]
[PlyCount "68"]
[EventDate "2018.09.29"]
[EventType "team-tourn"]
[EventRounds "9"]
[EventCountry "GER"]
[SourceTitle "CBM 189 Extra"]
[Source "ChessBase"]
[SourceDate "2019.05.31"]
[SourceVersion "1"]
[SourceVersionDate "2019.05.31"]
[SourceQuality "1"]
[WhiteTeam "Falkensee Caissa"]
[BlackTeam "Berlin Empor"]
[WhiteTeamCountry "GER"]
[BlackTeamCountry "GER"]

1. e4 c5 2. Nc3 g6 3. f4 Bg7 4. Nf3 d6 5. Bc4 Nc6 6. 0-0 a6 7. d3 Na5 8. Bb3 Nxb3 9. axb3 Nh6 10. Qe1 Bd7 11. Bd2 f6 12. e5 0-0 13. Ne4 Bc6 14. Bc3 b6 15. d4 Nf5 16. Rd1 cxd4 17. Nxd4 Nxd4 18. Bxd4 fxe5 19. fxe5 Rxf1+ 20. Kxf1 Bxe4 21. exd6 e5 22. Bxe5 Bxe5 23. Qxe4 Qf6+ 24. Kg1 Rf8 25. Qc4+ Kh8 26. d7 b5 27. Qc8 Bd4+ 28. Kh1 Kg7 29. h3 Qb6 30. Re1 Qd8 31. Re8 Rf1+ 32. Kh2 Bg1+ 33. Kh1 Bf2+ 34. Kh2 Bg3+ 0-1

[Event "GER-chT U14"]
[Site "Magdeburg"]
[Date "2018.12.28"]
[Round "3.1"]
[White "Sulayev, Daniel"]
[Black "Liebold, Aaron"]
[Result "1-0"]
[WhiteElo "2061"]
[BlackElo "1892"]
[PlyCount "85"]
[EventDate "2018.12.27"]
[EventType "team-swiss"]
[EventRounds "7"]
[EventCountry "GER"]
[SourceTitle "CBM 188 Extra"]
[Source "ChessBase"]
[SourceDate "2019.02.28"]
[SourceVersion "1"]
[SourceVersionDate "2019.02.28"]
[SourceQuality "1"]
[WhiteTeam "Berlin Empor"]
[BlackTeam "Gera"]
[WhiteTeamCountry "GER"]
[BlackTeamCountry "GER"]

1. Nf3 Nf6 2. g3 d5 3. Bg2 b6 4. c4 e6 5. b3 Bb7 6. Bb2 Be7 7. 0-0 0-0 8. d3 c5 9. e3 Nc6 10. Qe2 Qc7 11. Nbd2 Rfd8 12. Rfd1 Rd7 13. Rac1 d4 14. e4 e5 15. a3 Rdd8 16. Rb1 Bc8 17. Bc1 a5 18. Rf1 Bd6 19. h3 Ne7 20. Nxe5 Bxe5 21. f4 Ng6 22. fxe5 Qxe5 23. Kh2 Bb7 24. Nf3 Qc7 25. Bg5 Nh5 26. Qf2 Rf8 27. Ng1 h6 28. Bd2 Ne5 29. Qe2 Nf6 30. Rxf6 gxf6 31. Bxh6 Rfe8 32. Rf1 Re6 33. Qh5 Qc6 34. Rf5 Ng6 35. Nf3 Re5 36. Nxe5 fxe5 37. Bg5 Bc8 38. Rf6 Qe8 39. Rxb6 Qf8 40. Bf3 Ra6 41. Rxa6 Bxa6 42. Bg4 Qg7 43. Bf5 1-0

[Event "Berlin Lichtenrade op 14th"]
[Site "Berlin"]
[Date "2018.11.03"]
[Round "8"]
[White "Hesse, Henrik"]
[Black "Sulayev, Daniel"]
[Result "1/2-1/2"]
[WhiteElo "2272"]
[BlackElo "2007"]
[PlyCount "51"]
[EventDate "2018.10.27"]
[EventType "swiss"]
[EventRounds "9"]
[EventCountry "GER"]
[SourceTitle "CBM 187 Extra"]
[Source "ChessBase"]
[SourceDate "2018.11.04"]
[SourceVersion "1"]
[SourceVersionDate "2018.11.04"]
[SourceQuality "1"]

1. c4 g6 2. g3 Bg7 3. Bg2 e5 4. Nc3 d6 5. d3 Nc6 6. e3 Be6 7. Nd5 h5 8. h4 Nh6 9. Nf3 Bg4 10. Qb3 Qc8 11. Ng5 0-0 12. c5 dxc5 13. Ne4 Kh8 14. Nxc5 Rb8 15. Bd2 b6 16. Ne4 Nd8 17. Rc1 c5 18. Qa4 Qd7 19. Qxd7 Bxd7 20. b4 Bc6 21. Ng5 f6 22. Ne7 Bxg2 23. Nxg6+ Kg8 24. Ne7+ Kh8 25. Ng6+ Kg8 26. Ne7+ 1/2-1/2

[Event "Berlin Lichtenrade op 14th"]
[Site "Berlin"]
[Date "2018.11.02"]
[Round "7"]
[White "Sulayev, Daniel"]
[Black "Stigar, Petter"]
[Result "1/2-1/2"]
[WhiteElo "2007"]
[BlackElo "2190"]
[PlyCount "57"]
[EventDate "2018.10.27"]
[EventType "swiss"]
[EventRounds "9"]
[EventCountry "GER"]
[SourceTitle "CBM 187 Extra"]
[Source "ChessBase"]
[SourceDate "2018.11.04"]
[SourceVersion "1"]
[SourceVersionDate "2018.11.04"]
[SourceQuality "1"]

1. Nf3 d5 2. g3 c6 3. Bg2 Bg4 4. d3 Nd7 5. h3 Bh5 6. 0-0 e6 7. Nc3 Bd6 8. Qe1 e5 9. e4 d4 10. Ne2 Ne7 11. g4 Bg6 12. Nh4 f6 13. Nf5 Nxf5 14. exf5 Bf7 15. Nxd4 Qc7 16. a4 0-0-0 17. Ne2 g5 18. Ng3 h5 19. Ne4 hxg4 20. hxg4 Rh4 21. Qe2 Rdh8 22. Be3 Bd5 23. f3 Bxe4 24. fxe4 Bc5 25. Bxc5 Nxc5 26. b4 Nd7 27. a5 Qd6 28. c3 c5 29. b5 1/2-1/2

[Event "GER-ch U14"]
[Site "Willingen"]
[Date "2018.05.26"]
[Round "9"]
[White "Yi, Danny"]
[Black "Sulayev, Daniel"]
[Result "1/2-1/2"]
[WhiteElo "1989"]
[BlackElo "2027"]
[PlyCount "40"]
[EventDate "2018.05.19"]
[EventType "swiss"]
[EventRounds "9"]
[EventCountry "GER"]
[SourceTitle "CBM 184 Extra"]
[Source "ChessBase"]
[SourceDate "2018.06.28"]
[SourceVersion "1"]
[SourceVersionDate "2018.06.28"]
[SourceQuality "1"]

1. e4 c5 2. Ne2 Nc6 3. Nbc3 e5 4. g3 g6 5. Bg2 Bg7 6. 0-0 Nge7 7. d3 d6 8. f4 0-0 9. Kh1 Be6 10. Be3 Nd4 11. Bd2 Qd7 12. Nxd4 cxd4 13. Ne2 f5 14. c3 dxc3 15. Bxc3 Rad8 16. d4 fxe4 17. dxe5 dxe5 18. Qxd7 Rxd7 19. fxe5 Rxf1+ 20. Rxf1 Bc4 1/2-1/2

[Event "GER-ch U14"]
[Site "Willingen"]
[Date "2018.05.24"]
[Round "7"]
[White "Wu, Luka"]
[Black "Sulayev, Daniel"]
[Result "1/2-1/2"]
[WhiteElo "1958"]
[BlackElo "2027"]
[PlyCount "96"]
[EventDate "2018.05.19"]
[EventType "swiss"]
[EventRounds "9"]
[EventCountry "GER"]
[SourceTitle "CBM 184 Extra"]
[Source "ChessBase"]
[SourceDate "2018.06.28"]
[SourceVersion "1"]
[SourceVersionDate "2018.06.28"]
[SourceQuality "1"]

1. e4 d6 2. d4 g6 3. Nc3 Bg7 4. Be3 a6 5. a4 b6 6. Nf3 Bb7 7. Bd3 Nd7 8. 0-0 Ngf6 9. h3 0-0 10. Nd2 e5 11. d5 Ne8 12. Ne2 f5 13. f3 f4 14. Bf2 Nef6 15. b4 g5 16. Nb3 Rf7 17. c4 Bf8 18. Qc2 Bc8 19. Rfc1 h5 20. Kh1 Ne8 21. c5 bxc5 22. bxc5 Nxc5 23. Bxc5 dxc5 24. Nxc5 Bxc5 25. Qxc5 Nd6 26. Qa5 g4 27. Ng1 Rg7 28. Qd2 Kh8 29. Rc2 gxh3 30. gxh3 Qh4 31. Qh2 Rb8 32. Rac1 Rb3 33. Rc3 Rxc3 34. Rxc3 Qe1 35. Rb3 Rg3 36. Rb1 Qe3 37. Bf1 h4 38. Rd1 a5 39. Rd2 Rxg1+ 40. Qxg1 Qxd2 41. Qg6 Qf2 42. Qh6+ Kg8 43. Qg6+ Kf8 44. Qh6+ Kf7 45. Qh7+ Kf8 46. Qh6+ Ke7 47. Qg5+ Kd7 48. Qg7+ Kd8 1/2-1/2

[Event "GER-ch U14"]
[Site "Willingen"]
[Date "2018.05.23"]
[Round "5"]
[White "Popist, Florian"]
[Black "Sulayev, Daniel"]
[Result "0-1"]
[WhiteElo "1894"]
[BlackElo "2027"]
[PlyCount "56"]
[EventDate "2018.05.19"]
[EventType "swiss"]
[EventRounds "9"]
[EventCountry "GER"]
[SourceTitle "CBM 184 Extra"]
[Source "ChessBase"]
[SourceDate "2018.06.28"]
[SourceVersion "1"]
[SourceVersionDate "2018.06.28"]
[SourceQuality "1"]

1. e4 c5 2. Nf3 Nc6 3. d4 cxd4 4. Nxd4 Nf6 5. Nc3 e5 6. Ndb5 d6 7. Bg5 a6 8. Na3 b5 9. Nd5 Be7 10. Bxf6 Bxf6 11. c4 b4 12. Nc2 Rb8 13. b3 Bg5 14. Be2 0-0 15. 0-0 a5 16. Qd3 Ne7 17. Rad1 Bb7 18. Nde3 Qb6 19. Bg4 Rbd8 20. Kh1 g6 21. Ra1 Kh8 22. a3 bxa3 23. Rxa3 Bxe4 24. Qxe4 f5 25. Qf3 fxg4 26. Qxg4 Bxe3 27. Qe6 Bg5 28. c5 Qxc5 0-1

[Event "GER-ch U14"]
[Site "Willingen"]
[Date "2018.05.23"]
[Round "6"]
[White "Sulayev, Daniel"]
[Black "Dobrikov, Marco"]
[Result "0-1"]
[WhiteElo "2027"]
[BlackElo "2085"]
[PlyCount "52"]
[EventDate "2018.05.19"]
[EventType "swiss"]
[EventRounds "9"]
[EventCountry "GER"]
[SourceTitle "CBM 184 Extra"]
[Source "ChessBase"]
[SourceDate "2018.06.28"]
[SourceVersion "1"]
[SourceVersionDate "2018.06.28"]
[SourceQuality "1"]

1. Nf3 c5 2. c4 Nc6 3. g3 e5 4. e4 d6 5. Nc3 g6 6. d3 Bg7 7. Bg2 Nge7 8. 0-0 0-0 9. Ne1 Be6 10. Nd5 f5 11. f4 fxe4 12. dxe4 exf4 13. gxf4 Nd4 14. Be3 b5 15. cxb5 Nxd5 16. exd5 Bf5 17. a4 Re8 18. Ra3 a6 19. bxa6 Rxa6 20. Rf2 Qb8 21. Nf3 Nxf3+ 22. Bxf3 Rb6 23. Re2 Bxb2 24. Ra2 Rxe3 25. Rxe3 Bd4 26. Kf2 Rb1 0-1

[Event "Berlin-ch QT"]
[Site "Berlin"]
[Date "2018.04.04"]
[Round "5"]
[White "Artukovic, Adis"]
[Black "Sulayev, Daniel"]
[Result "1-0"]
[WhiteElo "2051"]
[BlackElo "2011"]
[PlyCount "81"]
[EventDate "2018.03.31"]
[EventType "swiss"]
[EventRounds "9"]
[EventCountry "GER"]
[SourceTitle "EXT 2020"]
[Source "ChessBase"]
[SourceDate "2019.10.17"]
[SourceVersion "1"]
[SourceVersionDate "2019.10.17"]
[SourceQuality "1"]

1. d4 Nf6 2. Nc3 g6 3. e4 d6 4. f4 Bg7 5. Nf3 0-0 6. Bd3 Nc6 7. d5 Nb4 8. Bc4 c6 9. dxc6 Nxc6 10. 0-0 a6 11. a4 Bd7 12. Kh1 Rc8 13. Qe2 Bg4 14. Be3 Qc7 15. Qf2 Bxf3 16. Qxf3 Nb4 17. Bb3 Nd7 18. Nd5 Nxd5 19. Bxd5 e6 20. Bb3 Bxb2 21. Rab1 Bg7 22. f5 Ne5 23. Qh3 exf5 24. exf5 Qe7 25. Bh6 Qf6 26. fxg6 Qxg6 27. Bxg7 Kxg7 28. Rf4 Rc7 29. Rbf1 f6 30. Qe6 f5 31. Qd5 Re7 32. h3 Kh8 33. Rxf5 Rxf5 34. Rxf5 Re8 35. Rf1 Nc6 36. Qd2 Ne5 37. Qb4 Rb8 38. Qb6 Nc6 39. Qc7 Qe8 40. Qxd6 Qe5 41. Rf8+ 1-0

[Event "Berlin-ch QT"]
[Site "Berlin"]
[Date "2018.04.02"]
[Round "3"]
[White "Bergmann, Jens"]
[Black "Sulayev, Daniel"]
[Result "0-1"]
[WhiteElo "1876"]
[BlackElo "2011"]
[PlyCount "112"]
[EventDate "2018.03.31"]
[EventType "swiss"]
[EventRounds "9"]
[EventCountry "GER"]
[SourceTitle "EXT 2020"]
[Source "ChessBase"]
[SourceDate "2019.10.17"]
[SourceVersion "1"]
[SourceVersionDate "2019.10.17"]
[SourceQuality "1"]

1. e4 c5 2. Nf3 Nc6 3. d4 cxd4 4. Nxd4 Nf6 5. Nc3 e5 6. Nb3 Bb4 7. Bd3 d5 8. exd5 Nxd5 9. Bd2 Nxc3 10. Bxc3 Bxc3+ 11. bxc3 0-0 12. 0-0 Qe7 13. Re1 Be6 14. Be4 f6 15. Re3 Rfd8 16. Qh5 g6 17. Rg3 Bf7 18. Qh4 Rac8 19. Re1 Rc7 20. Qh6 Qf8 21. Qh4 Qe7 22. Qh6 Qf8 23. Qh4 Qd6 24. Qh6 b6 25. h4 Qf8 26. Qe3 Ne7 27. h5 f5 28. Bd3 e4 29. hxg6 Bxg6 30. Qf4 Nd5 31. Qh4 exd3 32. Rxd3 Rcd7 33. Nd4 Qf6 34. Qg3 Re7 35. Rxe7 Nxe7 36. Qc7 Nd5 37. Qxa7 Re8 38. Nf3 Nxc3 39. Qd7 Ne4 40. Rd1 Qe7 41. Qb5 Qc5 42. Qb2 Qxf2+ 43. Kh2 Qg3+ 44. Kg1 Qc7 45. Rd5 Rc8 46. Ne5 Rd8 47. Rxd8+ Qxd8 48. Qb3+ Kg7 49. Nc4 Qd4+ 50. Kh2 Bf7 51. Qxb6 Qxc4 52. Qa5 Be6 53. a4 Qxc2 54. Qe5+ Kf7 55. a5 Nf6 56. Qb5 Bd5 0-1

[Event "Berlin-ch QT"]
[Site "Berlin"]
[Date "2018.04.01"]
[Round "2"]
[White "Sulayev, Daniel"]
[Black "Woinowski, Michael"]
[Result "1-0"]
[WhiteElo "2011"]
[BlackElo "1776"]
[PlyCount "81"]
[EventDate "2018.03.31"]
[EventType "swiss"]
[EventRounds "9"]
[EventCountry "GER"]
[SourceTitle "EXT 2020"]
[Source "ChessBase"]
[SourceDate "2019.10.17"]
[SourceVersion "1"]
[SourceVersionDate "2019.10.17"]
[SourceQuality "1"]

1. c4 e6 2. g3 d5 3. Bg2 Nf6 4. Nf3 Be7 5. 0-0 0-0 6. b3 c5 7. d3 Nc6 8. Nbd2 Re8 9. a3 Qc7 10. Bb2 d4 11. b4 e5 12. b5 Nd8 13. h3 Rb8 14. Kh2 Nh5 15. e4 g6 16. Qe2 Ne6 17. Rfb1 Qd6 18. Bc1 Bd7 19. Nb3 Rbc8 20. Bd2 Bf8 21. Rf1 Bg7 22. Ng1 Rf8 23. Rae1 h6 24. Bc1 Kh7 25. Qd1 Be8 26. Ne2 f6 27. f4 g5 28. f5 Nd8 29. Bf3 Rg8 30. Ng1 Nxg3 31. Kxg3 b6 32. Bd2 Nb7 33. Bh5 Bf8 34. Bxe8 Rxe8 35. Qe2 Kg7 36. Qh5 Re7 37. Nf3 Kh7 38. Nh2 Nd8 39. Ra1 Qc7 40. a4 Nb7 41. Ng4 1-0

[Event "GER-chT U14"]
[Site "Verden an der Aller"]
[Date "2017.12.30"]
[Round "7.1"]
[White "Sulayev, Daniel"]
[Black "Kotyk, Michael"]
[Result "1/2-1/2"]
[WhiteElo "2034"]
[BlackElo "1945"]
[PlyCount "40"]
[EventDate "2017.12.26"]
[EventType "team-swiss"]
[EventRounds "7"]
[EventCountry "GER"]
[SourceTitle "CBM 182 Extra"]
[Source "ChessBase"]
[SourceDate "2018.02.23"]
[SourceVersion "1"]
[SourceVersionDate "2018.02.23"]
[SourceQuality "1"]
[WhiteTeam "Berlin Empor"]
[BlackTeam "Hamburger SK"]
[WhiteTeamCountry "GER"]
[BlackTeamCountry "GER"]

1. e4 e5 2. Nf3 Nc6 3. Bb5 a6 4. Ba4 Nf6 5. 0-0 Be7 6. Qe2 b5 7. Bb3 0-0 8. d4 Nxd4 9. Nxd4 exd4 10. e5 Ne8 11. c3 c5 12. cxd4 cxd4 13. Qe4 Qb6 14. Bxf7+ Kxf7 15. Qd5+ Kg6 16. Qe4+ Kf7 17. Qd5+ Kg6 18. Qe4+ Kf7 19. Qd5+ Kg6 20. Qe4+ Kf7 1/2-1/2